书目信息 |
| 题名: |
当代昆虫学研究
|
|
| 作者: | 李典谟 , 李典谟 主编 | |
| 分册: | ||
| 出版信息: | 北京 中国农业科学技术出版社 2004.10 |
|
| 页数: | 753页 | |
| 开本: | 26cm | |
| 丛书名: | ||
| 单 册: | ||
| 中图分类: | Q96-53 | |
| 科图分类: | ||
| 主题词: | 昆虫学--学术会议--文集 | |
| 电子资源: | ||
| ISBN: | 7-80167-713-7 | |
| 000 | 01066nam0 2200253 450 | |
| 001 | 0131703999 | |
| 005 | 20050713082845.39 | |
| 010 | @a7-80167-713-7@dCNY120.00 | |
| 100 | @a20050323d2004 km y0chiy0120 ea | |
| 101 | 0 | @achi |
| 102 | @aCN@b110000 | |
| 105 | @aa a 000yy | |
| 200 | 1 | @a当代昆虫学研究@Adang dai kun chong xue yan jiu@e中国昆虫学会成立60周年纪念大会暨学术讨论会论文集@f李典谟等主编@Fli dian mo deng zhu bian |
| 210 | @a北京@c中国农业科学技术出版社@d2004.10 | |
| 215 | @a753页@c图@d26cm | |
| 320 | @a有书目。 | |
| 330 | @a本书主要收录了中国昆虫学会成立60周年纪念大会暨学术讨论会论文集,分为大会报告、昆虫分类、昆虫生理生化、昆虫生态、药剂毒理、农业昆虫、林业昆虫等部分内容。 | |
| 517 | 1 | @a中国昆虫学会成立60周年纪念大会暨学术讨论会论文集@Azhong guo kun chong xue hui cheng li 60 zhou nian ji nian da hui ji xue shu tao lun hui lun wen ji |
| 606 | 0 | @a昆虫学@x学术会议@x文集 |
| 690 | @aQ96-53@v4 | |
| 701 | 0 | @a李典谟@Ali dian mo@4主编 |
| 701 | 0 | @a李典谟@Ali dian mo@4主编 |
| 801 | 0 | @aCN@bQSSK@c20050713 |
| 905 | @a10447@dQ96-53@eL144 | |
| 当代昆虫学研究:中国昆虫学会成立60周年纪念大会暨学术讨论会论文集/李典谟等主编.-北京:中国农业科学技术出版社,2004.10 |
| 753页:图;26cm |
| ISBN 7-80167-713-7:CNY120.00 |
| 本书主要收录了中国昆虫学会成立60周年纪念大会暨学术讨论会论文集,分为大会报告、昆虫分类、昆虫生理生化、昆虫生态、药剂毒理、农业昆虫、林业昆虫等部分内容。 |
| ● |
| 相关链接 |
|
|
|
正题名:当代昆虫学研究
索取号:Q96-53/L144
 
预约/预借
| 序号 | 登录号 | 条形码 | 馆藏地/架位号 | 状态 | 备注 |
| 1 | 524730 | 205247302 | 自科库401/401自科库 38排1列3层/ [索取号:Q96-53/L144] | 在馆 |